[Event "Women Ch GroupB r_4"]
[Site "Albena BUL"]
[Date "2010.05.30"]
[Round "4.1"]
[White "Janeva, Mariya"]
[Black "Chilingirova, Pavlina"]
[Result "1/2-1/2"]
[WhiteElo "2036"]
[BlackElo "2150"]
[PlyCount "131"]
[EventDate "2010.05.27"]
[EventRounds "7"]
[EventCountry "BUL"]

1. e4 c5 2. Nf3 d6 3. Bb5+ Nd7 4. O-O a6 5. Bxd7+ Bxd7 6. d4 cxd4 7. Qxd4 Bc6
8. c4 Nf6 9. Nc3 e6 10. Bg5 Be7 11. Rad1 O-O 12. Rfe1 Qc7 13. h3 Rfd8 14. Qe3
b5 15. cxb5 axb5 16. a3 Qb7 17. Nd4 Be8 18. Na2 h6 19. Bh4 Rac8 20. Nb4 Rc4 21.
Bg3 Rdc8 22. f3 Bf8 23. Nb3 Qb8 24. Kh1 e5 25. Na5 R4c7 26. Na6 Qa8 27. Nxc7
Rxc7 28. b4 Be7 29. Rc1 Ra7 30. Rc3 Bd7 31. Qd3 Ra6 32. Rec1 Bd8 33. Bf2 Nh5
34. Qd5 Qxd5 35. exd5 Bxa5 36. bxa5 Rxa5 37. Rc7 Be8 38. Ra7 Rxa7 39. Bxa7 Nf4
40. Rd1 Kf8 41. Be3 Ne2 42. Rd3 Ng3+ 43. Kg1 Nf5 44. Kf2 Ne7 45. Bb6 Nc8 46.
Ba5 f5 47. Bb4 Ke7 48. Rc3 Nb6 49. Rc7+ Bd7 50. Rc1 Nxd5 51. Rd1 Nxb4 52. axb4
g5 53. g3 h5 54. h4 gxh4 55. gxh4 f4 56. Rg1 Kf6 57. Rg5 Be8 58. Rg8 Bf7 59.
Rd8 Ke7 60. Rc8 Be8 61. Ke2 d5 62. Rc5 Kd6 63. Rc8 Kd7 64. Rc5 Kd6 65. Rc8 Ke7
66. Rc5 1/2-1/2

[Event "Women Ch GroupB r_4"]
[Site "Albena BUL"]
[Date "2010.05.30"]
[Round "4.2"]
[White "Raeva, Elitsa"]
[Black "Arutyunova, Diana"]
[Result "1/2-1/2"]
[WhiteElo "2231"]
[BlackElo "2266"]
[PlyCount "64"]
[EventDate "2010.05.27"]
[EventRounds "7"]
[EventCountry "BUL"]

1. d4 d6 2. c4 f5 3. Nc3 Nf6 4. Bg5 e6 5. e4 fxe4 6. Nxe4 Be7 7. Bxf6 Bxf6 8.
Nf3 Nc6 9. Be2 d5 10. Nxf6+ Qxf6 11. c5 a6 12. O-O O-O 13. Qd2 Bd7 14. b4 Be8
15. Rae1 Qf4 16. Qb2 Bg6 17. a4 Be4 18. b5 axb5 19. axb5 Ne7 20. Ne5 Bf5 21. g3
Qh6 22. f4 Bh3 23. Rf2 g5 24. Nd7 Rf7 25. fxg5 Qxg5 26. Rxf7 Kxf7 27. Bf1 Bxf1
28. Rxf1+ Nf5 29. Rf4 Ra4 30. c6 b6 31. Qc3 Ke7 32. Kh1 Qh5 1/2-1/2

[Event "Women Ch GroupB r_4"]
[Site "Albena BUL"]
[Date "2010.05.30"]
[Round "4.2"]
[White "Shtereva, Slaveja"]
[Black "Velcheva, Maria"]
[Result "0-1"]
[WhiteElo "2093"]
[BlackElo "2266"]
[PlyCount "72"]
[EventDate "2010.05.27"]
[EventRounds "7"]
[EventCountry "BUL"]

1. c4 e6 2. Nc3 d5 3. cxd5 exd5 4. d4 c6 5. Qc2 Nf6 6. Bg5 Be7 7. e3 Nbd7 8.
Bd3 O-O 9. Nge2 Re8 10. O-O Nf8 11. Rac1 Ne4 12. Bxe7 Qxe7 13. Bxe4 dxe4 14. d5
Bd7 15. Rfd1 Rac8 16. Qb3 b6 17. dxc6 Bxc6 18. Nd4 Bd7 19. Nd5 Qg5 20. Rxc8
Rxc8 21. f4 exf3 22. Nxf3 Qd8 23. Qa3 Ng6 24. Qxa7 Bc6 25. Qxb6 Qe8 26. Nc3 h6
27. Qd4 Qe6 28. b4 Bxf3 29. gxf3 Ne5 30. Kf2 Rc4 31. Qd8+ Kh7 32. Ne2 Qh3 33.
Nd4 Qxh2+ 34. Kf1 Qh1+ 35. Ke2 Qg2+ 36. Ke1 Nd3+ 0-1

[Event "Women Ch GroupB r_4"]
[Site "Albena BUL"]
[Date "2010.05.30"]
[Round "4.2"]
[White "Tsvetkova, Svetlana"]
[Black "Vladimirova, Maria"]
[Result "1/2-1/2"]
[WhiteElo "1852"]
[BlackElo "2045"]
[PlyCount "88"]
[EventDate "2010.05.27"]
[EventRounds "7"]
[EventCountry "BUL"]

1. e4 e5 2. Nf3 Nc6 3. Bb5 a6 4. Ba4 Nf6 5. d3 d6 6. h3 g6 7. O-O Bg7 8. c3 O-O
9. Re1 b5 10. Bb3 Na5 11. Bc2 c5 12. Nbd2 Qc7 13. b4 cxb4 14. cxb4 Nc6 15. a3
Bd7 16. Bb2 Nh5 17. Bb3 h6 18. Nf1 Qa7 19. Ne3 Rac8 20. Rc1 Ne7 21. Nd5 Nxd5
22. Bxd5 Nf4 23. Bb3 Bc6 24. Qd2 Qe7 25. Qe3 Kh7 26. d4 Rfe8 27. dxe5 dxe5 28.
Rc5 f6 29. Rec1 Bb7 30. Ne1 Rxc5 31. Rxc5 Rc8 32. Rxc8 Bxc8 33. Nd3 Nxd3 34.
Qxd3 Be6 35. Bc1 Bxb3 36. Qxb3 Qd7 37. Be3 f5 38. f3 f4 39. Bc5 Qd2 40. Kh2 Qe1
41. Qe6 Qg3+ 42. Kh1 Qe1+ 43. Kh2 a5 44. bxa5 Qxa5 1/2-1/2

[Event "Women Ch GroupB r_4"]
[Site "Albena BUL"]
[Date "2010.05.30"]
[Round "4.3"]
[White "Maneva, Ani"]
[Black "Genova, Lyubka"]
[Result "0-1"]
[WhiteElo "1927"]
[BlackElo "2293"]
[PlyCount "60"]
[EventDate "2010.05.27"]
[EventRounds "7"]
[EventCountry "BUL"]

1. e4 c5 2. d4 cxd4 3. c3 Nf6 4. e5 Nd5 5. Qxd4 e6 6. Nf3 Nc6 7. Qe4 Qc7 8. Bc4
f5 9. exf6 Nxf6 10. Qe2 Be7 11. Na3 a6 12. Nc2 O-O 13. a4 b6 14. Bg5 Bb7 15.
Rd1 Kh8 16. O-O Ng4 17. Rxd7 Qxd7 18. Bxe6 Qc7 19. Bxg4 Bd6 20. Rd1 Rae8 21.
Qd3 Bf4 22. Bh4 Ne5 23. Nxe5 Qxe5 24. h3 Be4 25. Qxa6 Bxc2 26. Rf1 g5 27. g3
Bd2 28. Bd7 Rd8 29. Qb5 Qxb5 30. Bxb5 gxh4 0-1

[Event "Women Ch GroupB r_4"]
[Site "Albena BUL"]
[Date "2010.05.30"]
[Round "4.3"]
[White "Bednikova, Stefi"]
[Black "Petkova, Veneta"]
[Result "0-1"]
[WhiteElo "2101"]
[BlackElo "1942"]
[PlyCount "150"]
[EventDate "2010.05.27"]
[EventRounds "7"]
[EventCountry "BUL"]

1. e4 e6 2. d4 d5 3. Nd2 Nf6 4. e5 Nfd7 5. f4 c5 6. c3 Nc6 7. Ndf3 Qb6 8. a3 c4
9. Ne2 Na5 10. h4 Qb3 11. h5 Qxd1+ 12. Kxd1 h6 13. g4 Nb6 14. Bh3 Bd7 15. f5
Ba4+ 16. Ke1 Bc2 17. Nd2 Nb3 18. Nxb3 cxb3 19. Nf4 exf5 20. gxf5 Be7 21. Rg1
Bg5 22. e6 O-O 23. f6 gxf6 24. exf7+ Kxf7 25. Be6+ Kg7 26. Bxd5 Nxd5 27. Nxd5
Rae8+ 28. Kf2 Kh7 29. Be3 Bd3 30. Nf4 Bxf4 31. Bxf4 Re2+ 32. Kf3 Rfe8 33. Rg2
Rxg2 34. Kxg2 Re2+ 35. Kf3 Rxb2 36. Re1 Re2 37. Rd1 Bc4 38. d5 Re8 39. Rd2 Be2+
40. Kf2 Bxh5 41. d6 Bg4 42. c4 b6 43. Rb2 Bd1 44. Bc1 Bc2 45. Be3 Rd8 46. c5
bxc5 47. Bxc5 a5 48. Ke3 h5 49. Kd4 h4 50. Kd5 h3 51. Bg1 Kg6 52. Ke6 Re8+ 53.
Kd7 Kf7 54. Kc7 Ke6 55. a4 Rg8 56. Bh2 Rg7+ 57. Kc6 Rd7 58. Bg3 f5 59. Bh2 Rg7
60. Bf4 Rh7 61. Bh2 f4 62. d7 Rxd7 63. Bxf4 Rd5 64. Kb6 Rf5 65. Bh2 Rf2 66. Bg3
Rf5 67. Bh2 Kd5 68. Kxa5 Kc4+ 69. Kb6 Kc3 70. Rxb3+ Bxb3 71. a5 Bc4 72. Bc7
Rb5+ 73. Ka7 Rb2 74. a6 h2 75. Bb6 Rxb6 0-1

[Event "Women Ch GroupB r_4"]
[Site "Albena BUL"]
[Date "2010.05.30"]
[Round "4.3"]
[White "Bratimirova, Dimitrinka"]
[Black "Nestorova-Petrova, Lozanka"]
[Result "1/2-1/2"]
[WhiteElo "2033"]
[BlackElo "2074"]
[PlyCount "61"]
[EventDate "2010.05.27"]
[EventRounds "7"]
[EventCountry "BUL"]

1. e4 c6 2. d4 d5 3. exd5 cxd5 4. Bd3 Nc6 5. c3 Nf6 6. Nf3 Qb6 7. h3 g6 8. Nbd2
Bg7 9. O-O Bf5 10. Bxf5 gxf5 11. Re1 O-O 12. Ne5 Nxe5 13. Rxe5 e6 14. Re1 Kh8
15. Nf1 Rac8 16. Ng3 Rg8 17. Nh5 Nxh5 18. Qxh5 Qc7 19. g3 Bf6 20. Kh2 Rg6 21.
Bf4 Qd8 22. Qe2 a6 23. Be5 Bxe5 24. Qxe5+ Qf6 25. Qd6 Qd8 26. Qe5+ Qf6 27. Qd6
Qd8 28. Qe5+ Qf6 29. Qd6 Qd8 30. Qxd8+ Rxd8 31. Re2 1/2-1/2

[Event "Women Ch GroupB r_4"]
[Site "Albena BUL"]
[Date "2010.05.30"]
[Round "4.3"]
[White "Boneva, Zvezdelina"]
[Black "Dimitrova, Leila"]
[Result "1/2-1/2"]
[WhiteElo "1938"]
[BlackElo "2124"]
[PlyCount "76"]
[EventDate "2010.05.27"]
[EventRounds "7"]
[EventCountry "BUL"]

1. e4 d6 2. d4 Nf6 3. Nc3 c6 4. f3 Nbd7 5. Be3 e5 6. Nge2 b5 7. d5 cxd5 8. Nxd5
Bb7 9. Nec3 Nxd5 10. Nxd5 a6 11. a4 bxa4 12. Rxa4 Be7 13. Qa1 Bxd5 14. exd5 Bg5
15. Bf2 Qc8 16. Bxa6 Qxc2 17. O-O O-O 18. Bb5 Rxa4 19. Qxa4 Qxa4 20. Bxa4 Nc5
21. Bxc5 dxc5 22. Re1 Bf6 23. d6 Rd8 24. d7 g6 25. Kf2 Kf8 26. Re4 Rb8 27. b3
Ke7 28. Ke2 Kd6 29. Kd3 Be7 30. f4 exf4 31. Rxf4 f5 32. Rf2 Rb4 33. Re2 Rd4+
34. Kc2 Re4 35. Rd2+ Kc7 36. Bb5 Rd4 37. Re2 Re4 38. Rd2 Rd4 1/2-1/2

[Event "Women Ch GroupB r_4"]
[Site "Albena BUL"]
[Date "2010.05.30"]
[Round "4.4"]
[White "Zaiatz, Elena"]
[Black "Trifonova, Sandra"]
[Result "1-0"]
[WhiteElo "2392"]
[BlackElo "1997"]
[PlyCount "79"]
[EventDate "2010.05.27"]
[EventRounds "7"]
[EventCountry "BUL"]

1. d4 Nf6 2. c4 g6 3. Nc3 d5 4. cxd5 Nxd5 5. Bd2 Bg7 6. Nf3 O-O 7. Rc1 c6 8. h3
Nd7 9. e4 Nc7 10. Bg5 Ne6 11. Be3 Qa5 12. Be2 Rd8 13. Qc2 c5 14. Rd1 cxd4 15.
Nxd4 Ndc5 16. Nf3 Rxd1+ 17. Bxd1 Bd7 18. O-O Bxc3 19. bxc3 Ba4 20. Qb1 Bb5 21.
Re1 Bd3 22. Qb4 Qxb4 23. cxb4 Nxe4 24. Ne5 Bb5 25. a4 Be8 26. Bb3 Nd8 27. Rc1
Nc6 28. Nxc6 bxc6 29. Bc4 a5 30. bxa5 Rxa5 31. Bb3 c5 32. f3 Nd6 33. Rxc5 Ra8
34. a5 Nf5 35. Bf2 Rb8 36. Bc2 Bd7 37. a6 Ra8 38. Rc7 Bb5 39. a7 Nd6 40. Bc5
1-0

[Event "Women Ch GroupB r_4"]
[Site "Albena BUL"]
[Date "2010.05.30"]
[Round "4.4"]
[White "Ivanova, Simoneta"]
[Black "Collas, Silvia"]
[Result "0-1"]
[WhiteElo "1791"]
[BlackElo "2314"]
[PlyCount "94"]
[EventDate "2010.05.27"]
[EventRounds "7"]
[EventCountry "BUL"]

1. d4 Nf6 2. c4 e6 3. Nf3 b6 4. g3 Ba6 5. b3 Bb4+ 6. Bd2 Be7 7. Bg2 Bb7 8. O-O
c5 9. Bc3 cxd4 10. Nxd4 Bxg2 11. Kxg2 d5 12. Nd2 Qc8 13. Qc2 Nc6 14. N2f3 dxc4
15. bxc4 O-O 16. Qa4 Nxd4 17. Bxd4 Qb7 18. Rab1 Ne4 19. Kg1 Rfd8 20. Rfd1 Bc5
21. Qc2 Bxd4 22. Nxd4 Nc5 23. Nb5 h6 24. Rxd8+ Rxd8 25. Rd1 Rd7 26. Nc3 Rxd1+
27. Qxd1 Qd7 28. Qxd7 Nxd7 29. Ne4 Kf8 30. f4 Ke7 31. Kf2 f5 32. Nd2 Kd6 33.
Nb3 Nf6 34. h3 Ne4+ 35. Kf3 a5 36. Nd4 Nd2+ 37. Ke3 Nxc4+ 38. Kd3 Nb2+ 39. Kc2
Na4 40. Kb3 Nc5+ 41. Kc4 h5 42. Nb5+ Kd7 43. Nc3 Kc6 44. a4 Nxa4 45. Nxa4 b5+
46. Kb3 bxa4+ 47. Kxa4 Kb6 0-1

[Event "Women Ch GroupB r_4"]
[Site "Albena BUL"]
[Date "2010.05.30"]
[Round "4.4"]
[White "Djingarova, Emilia"]
[Black "Vitanova, Rozalina"]
[Result "1-0"]
[WhiteElo "2359"]
[BlackElo "2094"]
[PlyCount "50"]
[EventDate "2010.05.27"]
[EventRounds "7"]
[EventCountry "BUL"]

1. e4 c5 2. Nf3 d6 3. Bb5+ Bd7 4. Bxd7+ Nxd7 5. O-O Ngf6 6. Re1 e6 7. c3 Be7 8.
d4 O-O 9. Nbd2 Qc7 10. Nf1 cxd4 11. Nxd4 a6 12. Ng3 Ne5 13. f4 Nc6 14. f5 Nxd4
15. cxd4 Rac8 16. e5 dxe5 17. dxe5 Rfd8 18. Qf3 Nd5 19. fxe6 fxe6 20. Qg4 Qb6+
21. Kh1 Rf8 22. Bh6 Rf7 23. Rad1 Nc7 24. Nh5 Ne8 25. Rf1 Rf5 1-0

[Event "Women Ch GroupA r_5"]
[Site "Albena BUL"]
[Date "2010.05.31"]
[Round "5.1"]
[White "Cmilyte, Viktorija"]
[Black "Voiska, Margarita"]
[Result "1-0"]
[WhiteElo "2514"]
[BlackElo "2349"]
[PlyCount "106"]
[EventDate "2010.05.27"]
[EventRounds "7"]
[EventCountry "BUL"]

1. d4 d5 2. c4 c6 3. Nf3 Nf6 4. Nc3 e6 5. Bg5 h6 6. Bxf6 Qxf6 7. e3 Nd7 8. Bd3
g6 9. O-O dxc4 10. Bxc4 Bg7 11. e4 e5 12. d5 Nb6 13. Bb3 Bg4 14. h3 Bxf3 15.
Qxf3 Qxf3 16. gxf3 O-O 17. dxc6 bxc6 18. Rfd1 Rfd8 19. Rac1 Bf6 20. Rxd8+ Rxd8
21. Nd1 Rd6 22. Rc5 Kf8 23. Kf1 Bd8 24. Ra5 Rd7 25. Rc5 Rd6 26. Ke2 Nd7 27. Rc2
Bb6 28. Ne3 Nc5 29. Bc4 Nd7 30. Bb3 Nc5 31. Rc3 f6 32. Bc4 Na4 33. Rc2 Bd4 34.
Bb3 Nb6 35. h4 h5 36. Rc1 a5 37. a4 Kg7 38. Rg1 Bxe3 39. fxe3 Nd7 40. Bc2 Kh6
41. f4 Nf8 42. b3 Rd8 43. Rc1 exf4 44. exf4 g5 45. hxg5+ fxg5 46. f5 g4 47. e5
Rd5 48. e6 Re5+ 49. Kd3 c5 50. b4 axb4 51. Bb3 Nh7 52. a5 Rxe6 53. fxe6 c4+ 1-0

[Event "Women Ch GroupA r_5"]
[Site "Albena BUL"]
[Date "2010.05.31"]
[Round "5.1"]
[White "Yordanova, Svetla"]
[Black "Zaiatz, Elena"]
[Result "0-1"]
[WhiteElo "2174"]
[BlackElo "2392"]
[PlyCount "162"]
[EventDate "2010.05.27"]
[EventRounds "7"]
[EventCountry "BUL"]

1. e4 e5 2. Nc3 Nf6 3. f4 d5 4. fxe5 Nxe4 5. Nf3 Be7 6. d3 Nxc3 7. bxc3 c5 8.
Be2 Nc6 9. O-O O-O 10. Bf4 f6 11. Qd2 f5 12. Kh1 h6 13. d4 g5 14. Be3 f4 15.
Bg1 c4 16. h3 Ba3 17. Nh2 Ne7 18. Ng4 Nf5 19. Bf2 Be7 20. Rab1 b6 21. Kg1 Be6
22. Nh2 Ng7 23. Qd1 Qe8 24. Bg4 Bf7 25. Qe2 Bg6 26. Bf3 Rd8 27. Rfe1 Qa4 28.
Ng4 Kh7 29. Rbc1 Qe8 30. Qd2 Qc6 31. h4 Qe6 32. hxg5 hxg5 33. Nf6+ Bxf6 34.
exf6 Qxf6 35. Re5 Bf7 36. Rf1 Rfe8 37. Rfe1 Rxe5 38. dxe5 Qf5 39. Be4 dxe4 40.
Qxd8 Ne6 41. Qe7 e3 42. Bxe3 fxe3 43. Rxe3 Kg6 44. Rf3 Nf4 45. Qd6+ Qe6 46. g3
Qxd6 47. exd6 Ne6 48. Kf2 Be8 49. Ke3 Bc6 50. Rf2 g4 51. Rh2 Kf6 52. Rh4 Bf3
53. Rh6+ Kf7 54. d7 Nd8 55. Kd4 Ke7 56. Rh7+ Kd6 57. Kxc4 Bc6 58. Rh6+ Kc7 59.
Kd4 Bxd7 60. Ke4 Nf7 61. Rf6 Nd6+ 62. Ke5 Nb5 63. c4 Nc3 64. Rf2 Nxa2 65. Kd4
Nb4 66. c5 Nc6+ 67. Kc4 Ne5+ 68. Kd5 Nf3 69. cxb6+ axb6 70. c3 Bc6+ 71. Ke6 Bb7
72. Rb2 Ng1 73. Kf5 Bf3 74. Kg5 Ne2 75. Kh4 Kc6 76. c4 Nc3 77. Rb3 Ne4 78. Rb5
Nd6 79. Rb4 Kc5 80. Ra4 Nxc4 81. Ra8 Bxa8 0-1

[Event "Women Ch GroupA r_5"]
[Site "Albena BUL"]
[Date "2010.05.31"]
[Round "5.1"]
[White "Collas, Silvia"]
[Black "Genova, Ruzka"]
[Result "1-0"]
[WhiteElo "2314"]
[BlackElo "2232"]
[PlyCount "105"]
[EventDate "2010.05.27"]
[EventRounds "7"]
[EventCountry "BUL"]

1. d4 d5 2. Nf3 Nf6 3. c4 c6 4. e3 g6 5. Nc3 Bg7 6. Be2 O-O 7. O-O dxc4 8. Bxc4
Bg4 9. h3 Bxf3 10. Qxf3 Nbd7 11. Rd1 e5 12. dxe5 Nxe5 13. Qe2 Qe7 14. Bb3 Rad8
15. Bd2 Nd3 16. Rab1 Nc5 17. Bc2 Rd7 18. Be1 Rfd8 19. Rxd7 Rxd7 20. Rd1 Qd8 21.
Rxd7 Qxd7 22. b4 Ne6 23. Qd3 Qxd3 24. Bxd3 Nd7 25. f4 c5 26. a3 a6 27. Be4 b5
28. Bb7 Nc7 29. Kf2 h5 30. Ke2 c4 31. Kd2 Kf8 32. Bh4 Bf6 33. Bxf6 Nxf6 34. e4
Ke7 35. Ke3 Kd7 36. e5 Nfe8 37. Ne4 Ng7 38. Nc5+ Kd8 39. g4 hxg4 40. hxg4 Nge6
41. Nxa6 c3 42. Nxc7 Kxc7 43. Be4 g5 44. f5 Nf4 45. Kd4 Ne2+ 46. Kd3 Ng3 47.
Bd5 Nf1 48. Kxc3 Ne3 49. Bxf7 Nxg4 50. Kd4 Nh6 51. Be6 g4 52. Ke3 g3 53. f6 1-0

[Event "Women Ch GroupA r_5"]
[Site "Albena BUL"]
[Date "2010.05.31"]
[Round "5.1"]
[White "Chilingirova, Pavlina"]
[Black "Djingarova, Emilia"]
[Result "0-1"]
[WhiteElo "2150"]
[BlackElo "2359"]
[PlyCount "48"]
[EventDate "2010.05.27"]
[EventRounds "7"]
[EventCountry "BUL"]

1. c4 e5 2. Nc3 Nf6 3. g3 Bb4 4. Qc2 O-O 5. a3 Bxc3 6. Qxc3 d5 7. Bg2 d4 8. Qc2
Nc6 9. d3 h6 10. Nf3 Bf5 11. O-O Qd7 12. b4 Rfe8 13. b5 Nd8 14. Bb2 Bh3 15. e3
Bxg2 16. Kxg2 c5 17. exd4 exd4 18. Rfe1 Ne6 19. a4 Nf4+ 20. Kh1 Qh3 21. Nh4
Rxe1+ 22. Rxe1 Nxd3 23. Rb1 Ng4 24. f3 Ndf2+ 0-1

[Event "Women Ch GroupA r_5"]
[Site "Albena BUL"]
[Date "2010.05.31"]
[Round "5.2"]
[White "Genova, Lyubka"]
[Black "Parvanova, Desislava"]
[Result "1-0"]
[WhiteElo "2293"]
[BlackElo "2002"]
[PlyCount "91"]
[EventDate "2010.05.27"]
[EventRounds "7"]
[EventCountry "BUL"]

1. e4 e5 2. Nf3 Nc6 3. d4 exd4 4. Nxd4 Bc5 5. Nb3 Bb6 6. a4 a5 7. Nc3 Qf6 8.
Qe2 Nge7 9. Nd5 Nxd5 10. exd5+ Ne7 11. h4 d6 12. Bg5 Qe5 13. Qxe5 dxe5 14. c4
f6 15. Bd2 Bf5 16. Rc1 O-O-O 17. Be2 Be4 18. Kf1 Kb8 19. Bxa5 Bxa5 20. Nxa5 c6
21. f3 Bg6 22. h5 Bf7 23. dxc6 b6 24. Nb3 Nxc6 25. h6 g6 26. Kf2 Kc7 27. Rc3
Ra8 28. Ra1 Rhd8 29. c5 Nd4 30. cxb6+ Kxb6 31. a5+ Kb7 32. Nc5+ Ka7 33. Ne4
Rab8 34. Rc7+ Rb7 35. Rac1 Nb3 36. Rxb7+ Kxb7 37. a6+ Kb6 38. Rd1 Rxd1 39. Bxd1
Nd4 40. Nxf6 Nf5 41. Be2 Nxh6 42. Nd7+ Ka7 43. Nxe5 Bd5 44. g4 Kb6 45. Nd7+ Ka7
46. Nf6 1-0

[Event "Women Ch GroupA r_5"]
[Site "Albena BUL"]
[Date "2010.05.31"]
[Round "5.2"]
[White "Trifonova, Sandra"]
[Black "Bednikova, Stefi"]
[Result "1/2-1/2"]
[WhiteElo "1997"]
[BlackElo "2101"]
[PlyCount "81"]
[EventDate "2010.05.27"]
[EventRounds "7"]
[EventCountry "BUL"]

1. d4 Nf6 2. Nf3 g6 3. c4 Bg7 4. Nc3 O-O 5. e4 d6 6. h3 Nc6 7. Be3 a6 8. Be2 e5
9. d5 Ne7 10. g4 c5 11. Qd2 Rb8 12. Nh2 b5 13. g5 b4 14. gxf6 bxc3 15. Qxc3
Bxf6 16. Bg4 Bb7 17. O-O-O a5 18. Bh6 Bg7 19. Bxg7 Kxg7 20. f4 f6 21. Rdf1 Qb6
22. a3 Ba6 23. fxe5 fxe5 24. Rxf8 Rxf8 25. Rf1 Rxf1+ 26. Nxf1 Ng8 27. Nd2 Qd8
28. b4 axb4 29. axb4 cxb4 30. Qxb4 Qc7 31. Kb2 Nf6 32. Bd1 Bc8 33. Qc3 Qb6+ 34.
Kc1 Bd7 35. Bc2 Qg1+ 36. Kb2 Qb6+ 37. Kc1 Qg1+ 38. Kb2 Qb6+ 39. Kc1 Qg1+ 40.
Kb2 Qb6+ 41. Kc1 1/2-1/2

[Event "Women Ch GroupA r_5"]
[Site "Albena BUL"]
[Date "2010.05.31"]
[Round "5.2"]
[White "Nestorova-Petrova, Lozanka"]
[Black "Ivanova, Simoneta"]
[Result "1-0"]
[WhiteElo "2074"]
[BlackElo "1791"]
[PlyCount "122"]
[EventDate "2010.05.27"]
[EventRounds "7"]
[EventCountry "BUL"]

1. Nf3 Nf6 2. c4 c5 3. Nc3 Nc6 4. d4 cxd4 5. Nxd4 e5 6. Nc2 Bc5 7. Be3 Bxe3 8.
Nxe3 O-O 9. g3 Nd4 10. Bg2 Rb8 11. O-O b5 12. b3 Bb7 13. cxb5 Bxg2 14. Kxg2
Nxb5 15. Nxb5 Rxb5 16. Nc4 Qa8+ 17. Kg1 Rd5 18. Qc2 Rc8 19. Qb2 e4 20. Ne3 Rdc5
21. Rfd1 a5 22. Rd4 Qc6 23. Rad1 d5 24. Qd2 Rd8 25. Nf5 Qe6 26. Qg5 g6 27. Ne3
Rd7 28. Kg2 Qc6 29. Qe5 Qe6 30. Qb8+ Kg7 31. b4 axb4 32. Qxb4 Rc6 33. a4 Rb6
34. Qc3 Rc6 35. Qa1 Rc5 36. Rb4 Qa6 37. Qb2 Qe6 38. Qd4 Rdc7 39. Rb5 Rxb5 40.
axb5 Rd7 41. Rc1 Rd6 42. Rc5 h5 43. h4 Kh7 44. Nd1 Nd7 45. Rc8 Ne5 46. Ra8 Qf6
47. Ra6 Ng4 48. Qxf6 Rxf6 49. f3 exf3+ 50. exf3 Rf5 51. fxg4 Re5 52. gxh5 gxh5
53. Kf3 d4 54. b6 Rb5 55. Ke4 Rb4 56. Kd3 Kg7 57. Kc2 f6 58. Ra7+ Kg6 59. b7
Kf5 60. Kd3 Rb3+ 61. Kxd4 Kg4 1-0

[Event "Women Ch GroupA r_5"]
[Site "Albena BUL"]
[Date "2010.05.31"]
[Round "5.2"]
[White "Vitanova, Rozalina"]
[Black "Boneva, Zvezdelina"]
[Result "1-0"]
[WhiteElo "2094"]
[BlackElo "1938"]
[PlyCount "127"]
[EventDate "2010.05.27"]
[EventRounds "7"]
[EventCountry "BUL"]

1. e4 e6 2. d3 d5 3. Nd2 Nf6 4. g3 b6 5. Bg2 Bb7 6. Ne2 c5 7. O-O Nc6 8. f4 g6
9. e5 Nd7 10. c4 Ne7 11. Nc3 Qc8 12. Nf3 a6 13. a4 Bg7 14. Bd2 O-O 15. h4 Nf5
16. g4 Ng3 17. Re1 d4 18. Ne2 Nxe2+ 19. Qxe2 a5 20. Ng5 Bxg2 21. Qxg2 Re8 22.
Ne4 Qd8 23. g5 Ra7 24. h5 Bf8 25. Kf2 Bg7 26. Qh2 Qc7 27. Nd6 Rd8 28. Nb5 Qb7
29. Nxa7 Qxa7 30. hxg6 fxg6 31. Rh1 Nf8 32. Qg2 Qf7 33. Kg3 Qf5 34. Ra3 Rd7 35.
Re1 h6 36. gxh6 Bxh6 37. Qh3 Rh7 38. Qxf5 gxf5 39. Kf3 Rg7 40. Rh1 Rg6 41. Rh3
Nd7 42. Be1 Bg7 43. Bg3 Rg4 44. Ra1 Nb8 45. Rah1 Nc6 46. Be1 Bxe5 47. fxe5
Nxe5+ 48. Ke2 Rg2+ 49. Bf2 Ng4 50. Rf3 Kg7 51. Kf1 Rh2 52. Rxh2 Nxh2+ 53. Kg2
Nxf3 54. Kxf3 e5 55. Bh4 Kf7 56. Bd8 Ke6 57. Bxb6 Kd6 58. Bxa5 Kc6 59. Bd8 Kb7
60. Bf6 e4+ 61. dxe4 fxe4+ 62. Kxe4 Ka6 63. Bxd4 cxd4 64. Kxd4 1-0

[Event "Women Ch GroupA r_5"]
[Site "Albena BUL"]
[Date "2010.05.31"]
[Round "5.3"]
[White "Arutyunova, Diana"]
[Black "Maneva, Ani"]
[Result "1-0"]
[WhiteElo "2266"]
[BlackElo "1927"]
[PlyCount "68"]
[EventDate "2010.05.27"]
[EventRounds "7"]
[EventCountry "BUL"]

1. e4 d6 2. d4 Nd7 3. Nc3 e5 4. Nf3 Be7 5. Bc4 Ngf6 6. O-O O-O 7. a4 exd4 8.
Nxd4 Nc5 9. Re1 a5 10. h3 Re8 11. Qf3 c6 12. b3 Ncd7 13. Bf1 Ne5 14. Qd1 Nfd7
15. Nf5 Nc5 16. Nxe7+ Qxe7 17. Ba3 Qf6 18. Re3 Bd7 19. Ne2 Rad8 20. Bb2 Qh6 21.
Ng3 Bc8 22. Nh5 g5 23. Ng3 Qg6 24. Be2 Ncd7 25. Bh5 Qe6 26. Nf5 Nf8 27. Rg3 Qf6
28. h4 Nf3+ 29. Rxf3 Qxb2 30. Nh6+ Kg7 31. hxg5 Be6 32. c3 Bxb3 33. Qf1 Ng6 34.
Rxf7+ Kh8 1-0

[Event "Women Ch GroupA r_5"]
[Site "Albena BUL"]
[Date "2010.05.31"]
[Round "5.3"]
[White "Petkova, Veneta"]
[Black "Shtereva, Slaveja"]
[Result "0-1"]
[WhiteElo "1942"]
[BlackElo "2093"]
[PlyCount "72"]
[EventDate "2010.05.27"]
[EventRounds "7"]
[EventCountry "BUL"]

1. e4 c5 2. Nf3 d6 3. b3 e5 4. Bb2 g6 5. Nc3 Bg7 6. Bc4 a6 7. a4 Nc6 8. Nd5 Nf6
9. Qe2 O-O 10. c3 Na5 11. O-O Rb8 12. Rfb1 Bg4 13. h3 Bxf3 14. Qxf3 Nxc4 15.
bxc4 Nxd5 16. cxd5 f5 17. d3 fxe4 18. Qxe4 Rf4 19. Qe2 Qa5 20. c4 Rbf8 21. f3
R4f7 22. Bc1 e4 23. dxe4 Bd4+ 24. Kh1 Bxa1 25. Rxa1 b5 26. cxb5 axb5 27. Qxb5
Qe1+ 28. Kh2 Rxf3 29. Bf4 Qxa1 30. gxf3 Rxf4 31. Qe8+ Kg7 32. Qe7+ Rf7 33. Qxd6
Qd4 34. Kg3 Qg1+ 35. Kh4 Qf2+ 36. Qg3 Rf4+ 0-1

[Event "Women Ch GroupA r_5"]
[Site "Albena BUL"]
[Date "2010.05.31"]
[Round "5.3"]
[White "Andreeva, Plamena"]
[Black "Bratimirova, Dimitrinka"]
[Result "1/2-1/2"]
[WhiteElo "2119"]
[BlackElo "2033"]
[PlyCount "89"]
[EventDate "2010.05.27"]
[EventRounds "7"]
[EventCountry "BUL"]

1. e4 e5 2. Nf3 Nc6 3. d4 exd4 4. Nxd4 Bc5 5. Nxc6 Qf6 6. Qd2 dxc6 7. Qf4 Be6
8. Bd3 O-O-O 9. O-O Qxf4 10. Bxf4 Bd4 11. Nc3 Nf6 12. Rfe1 h6 13. h3 a6 14. Bd2
c5 15. b3 Nd7 16. Rad1 Ne5 17. Bf1 Bxh3 18. gxh3 Nf3+ 19. Kg2 Nxd2 20. Nd5 Nxf1
21. c3 Ne3+ 22. fxe3 Be5 23. c4 Rhe8 24. Kf3 c6 25. Nf4 Rxd1 26. Rxd1 Bxf4 27.
exf4 Rd8 28. Rg1 g6 29. Ke3 Kc7 30. h4 h5 31. f5 gxf5 32. exf5 Rd4 33. Rg7 Rxh4
34. Rxf7+ Kd6 35. Kf3 b5 36. cxb5 axb5 37. Kg3 Rg4+ 38. Kf3 Ke5 39. Rc7 c4 40.
Rxc6 Kxf5 41. Rc5+ Kg6 42. Rxb5 cxb3 43. axb3 Rg1 44. Kf2 Rg4 45. Kf3 1/2-1/2

[Event "Women Ch GroupA r_5"]
[Site "Albena BUL"]
[Date "2010.05.31"]
[Round "5.3"]
[White "Dimitrova, Leila"]
[Black "Andreeva, Veronika"]
[Result "1-0"]
[WhiteElo "2124"]
[BlackElo "1887"]
[PlyCount "57"]
[EventDate "2010.05.27"]
[EventRounds "7"]
[EventCountry "BUL"]

1. e4 c6 2. d4 d5 3. Nd2 dxe4 4. Nxe4 Nd7 5. Nf3 Ngf6 6. Ng3 e6 7. Bd3 Bd6 8.
O-O O-O 9. Re1 Qc7 10. Qe2 c5 11. c3 Re8 12. Ne5 b6 13. Bg5 Be7 14. Bf4 Bd6 15.
Nh5 g6 16. Nxf6+ Nxf6 17. Bg5 Nd7 18. Qe3 Nxe5 19. dxe5 Bf8 20. Bf6 Bg7 21. Qg5
Bb7 22. Re3 h6 23. Qh4 c4 24. Bc2 Kh7 25. Rh3 Rh8 26. Re1 Bd5 27. Ree3 Bxf6 28.
Qxf6 Rad8 29. Rxh6+ 1-0